載入...

Comedy studies reader

書目詳細資料
其他作者: Marx, Nick Ed, Sienkiewicz, Matt Ed
格式: Printed Book
出版: Austin University of Texas press 2018
主題:
LEADER 00508nam a2200157 4500
999 |c 58916  |d 58916 
020 |a 9781477315996 
082 |a 791.43617  |b COM 
245 |a Comedy studies reader 
260 |a Austin  |b University of Texas press  |c 2018 
300 |a 313p 
650 |a comedy films  |a television comedies 
700 |a Marx, Nick Ed., 
700 |a Sienkiewicz, Matt Ed., 
942 |c BK 
952 |0 0  |1 0  |4 0  |6 791_436170000000000_COM  |7 0  |9 66020  |a KUCL  |c Stack  |d 2020-07-13  |l 0  |o 791.43617 COM  |p 50485  |r 2020-07-13  |w 2020-07-13  |y BK